01365nam a2200313 i 4500001001000000003000900010005001700019007000300036008004100039040003000080082001400110100003000124245010000154264006700254300005000321336002700371337003300398338002800431490002000459500001800479590002700497700006100524910001400585942001400599952015100613952013200764952013800896999001701034000016513DO-SdBNP20250204104418.0ta100305s1976 dr ac 000 0 spa d aDO-SdBNPbspacBNPHUerda bR577r2221 aRímoli, Renato O93674910aRoedores fosiles de la Hispaniola /cRenato O. Rímoli ; presentación Marcio Veloz Maggiolo. 1aSan Pedro de Macorís :bUniversidad Central del Este,c1976. a93 páginasbilustraciones, retratosc23 cm. 2rdacontentatextobtxt 2rdamediaasin mediaciónbn 2rdacarrieravolumenbnc1 aCientíficav3 aIncluye notas aInventariado, 2024/ YL1 aVeloz Maggiolo, Marcio,d1936-2021epresentación91104 aYLockward 2ddccLBS1 00102ddc56708DSaBNPHUbBNPHUcCTd2013-05-24eInteciLF1l0oBNPHU DS R577rp16513-30r2020-06-25te. 3w2020-06-25yLBS1ZPréstamo en sala 00102ddc51708PDaBNPHUbBNPHUcHDd2010-03-05iLF1l0oBNPHU PD R577rp16513-10r2020-06-25w2020-06-25yLBS1ZNo se presta 00102ddc51708PDaBNPHUbBNPHUcCTd2010-03-05iLF1l0oBNPHU PD R577rp16513-20r2020-06-25te. 2w2020-06-25yLBS1ZNo se presta c16047d16047